Sports Quiz

Random Sports or Alphabet Quiz

Most Hits Since 2010 (A-Z) Quiz Stats

 Plays Quiz not verified by Sporcle

Score 0/26 Timer 10:00
0 Plays Today
Last Name Initial Answer % Correct
XNot available
100%
CMiguel Cabrera
36.2%
SIchiro Suzuki
32.8%
BAdrian Beltre
25.6%
JAdam Jones
24.3%
GAdrian Gonzalez
23.7%
ODavid Ortiz
23%
VJoey Votto
21.4%
RAlexei Ramirez
19.9%
MAndrew McCutchen
19.7%
YDelmon Young
18.6%
WDavid Wright
16.7%
FPrince Fielder
16.3%
Last Name Initial Answer % Correct
UJustin Upton
15.4%
ZBen Zobrist
15.2%
TTroy Tulowitzki
15%
QCarlos Quentin
12.3%
AElvis Andrus
11.4%
PHunter Pence
11.2%
EAlcides Escobar
10.4%
HTorii Hunter
9.9%
NMike Napoli
8.5%
KHowie Kendrick
6.3%
DIan Desmond
5.5%
LJames Loney
4.4%
IOmar Infante
4.2%

You're not logged in!

Compare scores with friends on all Sporcle quizzes.
OR
Log In

Sporcle TV

Today on Sporcle TV


Watch our educational content, quiz creation guides, and fun videos on Sporcle TV.

Show Comments

Extras

Top Quizzes Today


Score Distribution

Your Account Isn't Verified!

In order to create a playlist on Sporcle, you need to verify the email address you used during registration. Go to your Sporcle Settings to finish the process.

Report this User

Report this user for behavior that violates our Community Guidelines.

Details: